Study of ecological priciple based system of rice intensification in north trapeang thom commune tramkak district takeo province, សិក្សាពីប្រព័ន្ធប្រពលវប្បកម្ម​ដំណាំស្រូវតាមគោការណ៍ធម្មជាតិនៅត្រពាំងធំខាងជើង ស្រុកត្រាំកក់ ខេត្តតាកែវ (Record no. 4431)

000 -LEADER
fixed length control field 00794nam a22001577a 4500
003 - CONTROL NUMBER IDENTIFIER
control field OSt
005 - DATE AND TIME OF LATEST TRANSACTION
control field 20151212135500.0
008 - FIXED-LENGTH DATA ELEMENTS--GENERAL INFORMATION
fixed length control field 151212b xxu||||| |||| 00| 0 eng d
040 ## - CATALOGING SOURCE
Transcribing agency RUA
082 ## - DEWEY DECIMAL CLASSIFICATION NUMBER
Classification number ATM.s ITH 2004 B212 Or.1
100 ## - MAIN ENTRY--PERSONAL NAME
9 (RLIN) 4756
Personal name ITH, SARUN.
245 ## - TITLE STATEMENT
Title Study of ecological priciple based system of rice intensification in north trapeang thom commune tramkak district takeo province, សិក្សាពីប្រព័ន្ធប្រពលវប្បកម្ម​ដំណាំស្រូវតាមគោការណ៍ធម្មជាតិនៅត្រពាំងធំខាងជើង ស្រុកត្រាំកក់ ខេត្តតាកែវ
260 ## - PUBLICATION, DISTRIBUTION, ETC. (IMPRINT)
Place of publication, distribution, etc. Phnom Penh
Name of publisher, distributor, etc. RUA
Date of publication, distribution, etc. 2004
300 ## - PHYSICAL DESCRIPTION
Extent viii; 40p.
Other physical details ill.
Dimensions 29cm.
942 ## - ADDED ENTRY ELEMENTS (KOHA)
Source of classification or shelving scheme
Koha item type ATM.s
Holdings
Price effective from Date last seen Permanent Location Not for loan Date acquired Source of classification or shelving scheme Koha item type Lost status Withdrawn status Date last checked out Total Checkouts Shelving location Damaged status Barcode Current Location Full call number
2015-12-122015-12-12Library Block B 2015-12-12 ATM.s    B212 RUA034275Library Block BATM.s ITH 2004 B212 Or.1
2015-12-122015-12-12Library Block B 2015-12-12 ATM.s    B212 RUA034731Library Block BATM.s ITH 2004 B212 Or.2
2015-12-122015-12-12Library Block B 2015-12-12 ATM.s    B212 RUA009463Library Block BATM.s ITH 2004 B212 Or.3
2015-12-122015-12-12Library Block B 2015-12-12 ATM.s    B212 RUA009319Library Block BATM.s ITH 2004 B212 Or.4
2015-12-122015-12-12Library Block B 2015-12-12 ATM.s    B212 RUA009535Library Block BATM.s ITH 2004 B212 Or.5
2015-12-122015-12-12Library Block B 2015-12-12 ATM.s    B212 RUA017783Library Block BATM.s ITH 2004 B212 Or.6
2015-12-142016-10-24Library Block B 2015-12-14 ATM.s  2016-09-261B212 RUA033495Library Block BATM.s ITH 2004 B212 Or.7
មជ្ឈមណ្ឌលឯការនៃសាកលវិទ្យាល័យភូមិន្ទកសិកម្មចំការដូង

Powered by Koha